السندباد الفيزيائي ونسيبه آينشتين / (رقم التسجيلة. 19556)

تفاصيل مارك
000 -الفاتح
عناصر البيانات ثابتة الطول 00629cam a2200181 i 4500
005 - تاريخ ووقت آخر معاملة
حقل ضبط 20260201124927.0
008 - عناصر البيانات ثابتة الطول
عناصر البيانات ثابتة الطول 250721s2000 le gr 000 0 ara d
082 14 - رقم تصنيف ديوي العشري
رقم التصنيف 530.11
رقم المادة غ ص ي
100 1# - مدخل رئيسي – اسم شخصي
الاسم الشخصي غصيب، همام
علاقة الشخص بالعمل/ دوره مؤلف.
245 12 - بيان العنوان
العنوان السندباد الفيزيائي ونسيبه آينشتين /
بيان المسؤولية أ.د. همام غصيب.
250 ## - بيان الطبعة
بيان الطبعة الطبعة الأولى.
264 31 - بيانات النشر، التوزيع…إلخ
مكان النشر، التوزيع...إلخ بيروت :
اسم الناشر، الموزع...إلخ المؤسسة العربية للدراسات والنشر،
تاريخ النشر، التوزيع...إلخ 2000.
300 ## - الوصف المادي
عدد الوحدات المكونة للوعاء 139 صفحة.
650 17 - مدخل إضافي بالموضوع - مصطلح موضوعي
مصطلح موضوعي أو اسم جغرافي كعنصر مدخل الفيزياء.
650 17 - مدخل إضافي بالموضوع - مصطلح موضوعي
مصطلح موضوعي أو اسم جغرافي كعنصر مدخل النسبية.
942 ## - بيانات إضافية (كوها)
نوع التنصيف Dewey Decimal Classification
نوع المادة (كوها) كتب
المقتنيات
حالة السحب حالة الفقدان مصدر التصنيف حالة التلف غير قابل للإعارة المكتبة الرئيسية المكتبة الحالية موقع الرف تاريخ التزويد الرقم المتسلسل Total Checkouts رقم الإستدعاء تاريخ آخر ظهور تاريخ الفاتورة نوع المادة (كوها) الباركود العملة تاريخ آخر استعارة
    Dewey Decimal Classification     المكتبة المركزية المكتبة المركزية الإعارة 01/02/2026 1480491 1 530.11 / غ ص ي 15/02/2026 01/02/2026 كتب PLD00242230 JOD 01/02/2026
    Dewey Decimal Classification Unchecked   مكتبة أبو علندا العامة مكتبة أبو علندا العامة الإعارة 06/07/2004 378791   530.11/غصي 28/07/2025 06/07/2004 كتب      
    Dewey Decimal Classification Unchecked   مكتبة أم قصير والمقابلين العامة مكتبة أم قصير والمقابلين العامة الإعارة 06/07/2004 378790   530.11/غصي 28/07/2025 06/07/2004 كتب      
    Dewey Decimal Classification     مكتبة الأميرة ايمان العامة مكتبة الأميرة ايمان العامة الإعارة 06/07/2004 378782   530.11/غصي 28/07/2025 06/07/2004 كتب 378782    
    Dewey Decimal Classification Unchecked   مكتبة الاميرة بديعة مكتبة الاميرة بديعة الإعارة 06/07/2004 378785   530.11/غصي 28/07/2025 06/07/2004 كتب      
    Dewey Decimal Classification Unchecked   مكتبة الجويدة مكتبة الجويدة الإعارة 06/07/2004 378786   530.11/غصي 28/07/2025 06/07/2004 كتب      
    Dewey Decimal Classification     مكتبة الحسن العامة مكتبة الحسن العامة الإعارة 06/07/2004 378787   530.11/غصي 28/07/2025 06/07/2004 كتب 378787    
    Dewey Decimal Classification     مكتبة حمزة العامة مكتبة حمزة العامة الإعارة 06/07/2004 378788   530.11/غصي 28/07/2025 06/07/2004 كتب 378788    
    Dewey Decimal Classification     مكتبة صويلح العامة مكتبة صويلح العامة الإعارة 06/07/2004 378783   530.11/غصي 28/07/2025 06/07/2004 كتب 378783    
    Dewey Decimal Classification     مكتبة وادي السير العامة مكتبة وادي السير العامة الإعارة 06/07/2004 378792   530.11/غصي 28/07/2025 06/07/2004 كتب 378792    
Implemented & Customized by: BBB with SCIT (Smart Chains for Information Technology)

Powered by Koha